Fractions #2 - Statistiques

Statistiques générales
  • Ce quiz a été pris 16 fois
  • Le résultat moyen est 16 sur 20
Statistiques - réponses
Par images Réponse % Correct
24
93%
3
86%
3
86%
12
79%
12
79%
12
79%
14
79%
15
79%
15
79%
18
79%
18
79%
18
79%
18
79%
20
79%
20
79%
20
79%
24
79%
30
79%
8
79%
16
64%
Aucun quiz correspondant
Distribution des résultats
% des personnes avec chaque résultat
Percentile par nombre de réponses
Votre historique - résultats
Vous n’avez pas pris ce quiz